[Event "CZE Extraliga 2019-20"]
[Site "Czech Republic"]
[Date "2019.11.30"]
[Round "3.7"]
[White "Konopka, Michal"]
[Black "Bures, Jaroslav"]
[Result "0-1"]
[WhiteElo "2351"]
[BlackElo "2388"]
[Annotator "NA"]
[PlyCount "74"]
[EventDate "2019.09.15"]
[EventType "team-tourn"]
[EventCountry "CZE"]
[SourceTitle "playchess.com"]
[Source "ChessBase"]
[SourceQuality "1"]
[WhiteTeam "Kromeriz"]
[BlackTeam "Poruba"]
[TimeControl "40/5400+30:1800+30"]

1. Nf3 {[%emt 0:00:00]} d5 {[%emt 0:00:00]} 2. g3 {[%emt 0:00:16]} g6 {[%emt 0:00:20]} 3. Bg2 {[%emt 0:01:20]} Bg7 {[%emt 0:00:06]} 4. d4 {[%emt 0:00:17]} Nf6 {[%emt 0:00:06]} 5. O-O {[%emt 0:00:44]} O-O {[%emt 0:00:05]} 6. c4 {[%emt 0:00:13]} c6 {[%emt 0:00:04]} 7. Qb3 {[%emt 0:03:37]} a5 {[%emt 0:00:08]} 8. cxd5 {[%emt 0:04:47]} a4 {[%emt 0:00:04]} 9. Qd1 {[%emt 0:00:11]} cxd5 {[%emt 0:00:05]} 10. Nc3 {[%emt 0:00:09]} Qa5 {[%emt 0:00:03]} 11. Bd2 {[%emt 0:02:00]} Nc6 {[%emt 0:01:08]} 12. e3 {[%emt 0:04:02]} a3 {[%emt 0:05:39]} 13. b3 Bg4 {[%emt 0:00:03]} 14. h3 {[%emt 0:20:57]} Bxf3 {[%emt 0:00:10]} 15. Bxf3 {[%emt 0:00:23]} Qd8 {[%emt 0:00:03]} 16. Qe2 {[%emt 0:11:19]} e5 {[%emt 0:04:46]} 17. dxe5 {[%emt 0:02:29]} Nxe5 {[%emt 0:00:04]} 18. Bg2 {[%emt 0:02:24]} Re8 {[%emt 0:00:05]} 19. Rfd1 {[%emt 0:03:48]} d4 {[%emt 0:02:01]} 20. exd4 {[%emt 0:10:53]} Qxd4 {[%emt 0:00:06]} 21. Be1 {[%emt 0:02:04]} Qa7 {[%emt 0:05:14]} 22. Rac1 {[%emt 0:10:14]} Nh5 {[%emt 0:17:45]} 23. Kh2 {[%emt 0:07:54]} Nc6 {[%emt 0:00:03]} 24. Qf3 {[%emt 0:05:59]} Re6 {[%emt 0:14:07]} 25. Nd5 {[%emt 0:02:23]} Bb2 {[%emt 0:07:13]} 26. Rb1 {[%emt 0:00:13]} Ne5 {[%emt 0:06:38]} 27. Qe2 {[%emt 0:01:06]} Rc8 {[%emt 0:01:13]} 28. f4 {[%emt 0:03:08]} Nc6 {[%emt 0:05:47]} 29. Qc2 {[%emt 0:00:02]} Qb8 {[%emt 0:00:53]} 30. Bc3 {[%emt 0:00:53]} Nb4 {[%emt 0:00:43]} 31. Nxb4 {[%emt 0:00:56]} Rxc3 {[%emt 0:01:04]} 32. Qd2 {[%emt 0:00:22]} Rxg3 {[%emt 0:00:19]} 33. Nd5 {[%emt 0:00:18]} g5 {[%emt 0:14:23]} 34. Re1 {[%emt 0:00:25]} gxf4 {[%emt 0:04:28]} 35. Rxe6 {[%emt 0:00:42]} f3 {[%emt 0:03:37]} 36. Ne7+ {[%emt 0:00:52]} Kh8 {[%emt 0:00:54]} 37. Bxf3 {[%emt 0:00:33]} fxe6 {[%emt 0:01:50]} 0-1

[Event "CZE Extraliga 2019-20"]
[Site "Czech Republic"]
[Date "2019.11.30"]
[Round "3.7"]
[White "Balacek, Tadeas"]
[Black "Zeman, Matyas"]
[Result "1/2-1/2"]
[WhiteElo "2331"]
[BlackElo "2247"]
[Annotator "NA"]
[PlyCount "120"]
[EventDate "2019.09.15"]
[EventType "team-tourn"]
[EventCountry "CZE"]
[SourceTitle "playchess.com"]
[Source "ChessBase"]
[SourceQuality "1"]
[WhiteTeam "Lysa nad Labem"]
[BlackTeam "Brno"]
[TimeControl "40/5400+30:1800+30"]

1. d4 d5 2. Nf3 e6 3. e3 Nf6 4. c4 a6 5. Nbd2 Nbd7 6. b3 Be7 7. Bd3 c5 8. O-O cxd4 9. exd4 O-O 10. Bb2 b6 11. Qe2 Bb7 12. Rac1 dxc4 13. bxc4 b5 14. c5 Bd5 15. a4 bxa4 16. Ra1 Bc6 17. Nc4 $11 Nd5 18. Nfe5 Nxe5 19. Nxe5 Bb5 20. Bxb5 axb5 21. Qxb5 Qb8 22. Qe2 Qc7 23. Nc4 Rfb8 24. Qc2 Qc6 25. Ne5 Qa6 26. Ba3 Rb3 27. Rfb1 Qb5 28. Rxb3 axb3 29. Qc4 Qxc4 30. Nxc4 Ra4 31. Nd2 Rxd4 32. Nxb3 Ra4 33. Nd2 Bf6 34. Rb1 g6 35. Bb2 Bxb2 36. Rxb2 Ra1+ 37. Rb1 Rxb1+ 38. Nxb1 Kf8 39. Nd2 Ke7 40. Kf1 Nc3 41. Nc4 f6 42. Nb6 Ne4 43. Na4 Kd7 44. f3 Nd2+ 45. Ke2 Nb3 46. Kd3 Kc6 47. Kc4 Na5+ 48. Kb4 Nb7 49. Kc4 e5 50. g4 h5 51. gxh5 gxh5 52. h4 f5 53. Nc3 Nxc5 54. Nd5 e4 55. Ne7+ Kd6 56. Nxf5+ Ke5 57. fxe4 Nxe4 58. Ng7 Nd2+ 59. Kd3 Nf3 60. Nxh5 Nxh4 {Ke4+} 1/2-1/2

[Event "CZE Extraliga 2019-20"]
[Site "Czech Republic"]
[Date "2019.11.30"]
[Round "3.7"]
[White "Jasny, Stanislav"]
[Black "Walek, Petr"]
[Result "1/2-1/2"]
[WhiteElo "2326"]
[BlackElo "2263"]
[Annotator "NA"]
[PlyCount "138"]
[EventDate "2019.09.15"]
[EventType "team-tourn"]
[EventCountry "CZE"]
[SourceTitle "playchess.com"]
[Source "ChessBase"]
[SourceQuality "1"]
[WhiteTeam "Frydek-Mistek"]
[BlackTeam "Ostrava"]
[TimeControl "40/5400+30:1800+30"]

1. e4 {[%emt 0:00:00]} c5 {[%emt 0:00:42]} 2. Nf3 {[%emt 0:00:00]} g6 {[%emt 0:00:09]} 3. d4 {[%emt 0:00:18]} cxd4 {[%emt 0:00:05]} 4. Nxd4 {[%emt 0:00:07]} Bg7 {[%emt 0:00:07]} 5. Nb3 {[%emt 0:00:22]} Nc6 {[%emt 0:01:33]} 6. Be2 {[%emt 0:00:20]} Nf6 {[%emt 0:08:47]} 7. Nc3 {[%emt 0:00:09]} O-O {[%emt 0:00:47]} 8. O-O {[%emt 0:00:10]} a6 {[%emt 0:02:29]} 9. Be3 $11 {[%emt 0:10:05]} b5 {[%emt 0:03:15]} 10. Nd5 {[%emt 0:03:32]} Rb8 {[%emt 0:17:35]} 11. f3 {[%emt 0:01:55]} d6 {[%emt 0:04:22]} 12. Qd2 {[%emt 0:12:51]} Re8 {[%emt 0:14:52]} 13. Rad1 {[%emt 0:05:28]} a5 {[%emt 0:04:53]} 14. Nd4 {[%emt 0:15:31]} Nxd4 {[%emt 0:01:18]} 15. Bxd4 {[%emt 0:00:08]} Nxd5 {[%emt 0:00:21]} 16. Bxg7 {[%emt 0:00:12]} Kxg7 {[%emt 0:01:08]} 17. exd5 {[%emt 0:00:45]} Qb6+ {[%emt 0:02:17]} 18. Kh1 {[%emt 0:00:14]} Bf5 {[%emt 0:09:33]} 19. g4 {[%emt 0:09:54]} Bd7 {[%emt 0:00:38]} 20. f4 {[%emt 0:00:09]} f5 {[%emt 0:03:05]} 21. g5 {[%emt 0:02:41]} e5 {[%emt 0:04:42]} 22. dxe6 {[%emt 0:00:08]} Bc6+ {[%emt 0:00:15]} 23. Bf3 {[%emt 0:00:13]} Bxf3+ {[%emt 0:00:11]} 24. Rxf3 {[%emt 0:00:07]} Rxe6 {[%emt 0:00:07]} 25. Qc3+ {[%emt 0:09:16]} Kf7 {[%emt 0:01:15]} 26. Rh3 {[%emt 0:00:56]} Qb7+ {[%emt 0:00:55]} 27. Kg1 {[%emt 0:00:13]} Kg8 {[%emt 0:00:35]} 28. Qb3 {[%emt 0:07:32]} Qf7 {[%emt 0:09:38]} 29. Rhd3 {[%emt 0:04:12]} a4 {[%emt 0:01:43]} 30. Qb4 {[%emt 0:02:06]} Qa7+ {[%emt 0:01:41]} 31. Qd4 {[%emt 0:01:12]} Qxd4+ {[%emt 0:01:26]} 32. Rxd4 {[%emt 0:00:05]} Re2 {[%emt 0:01:51]} 33. R1d2 {[%emt 0:00:12]} Rxd2 {[%emt 0:00:30]} 34. Rxd2 {[%emt 0:00:07]} Rc8 35. Kf2 {[%emt 0:05:51]} a3 {[%emt 0:02:51]} 36. bxa3 {[%emt 0:00:16]} Rc3 {[%emt 0:00:39]} 37. Rxd6 {[%emt 0:00:28]} Rxc2+ {[%emt 0:00:18]} 38. Ke3 {[%emt 0:00:58]} Rxa2 {[%emt 0:01:17]} 39. Kd4 {[%emt 0:00:30]} Rxa3 {[%emt 0:00:44]} 40. Ke5 {[%emt 0:02:11]} Ra8 {[%emt 0:00:00]} 41. Rb6 Re8+ 42. Kf6 {[%emt 0:01:50]} Rf8+ {[%emt 0:10:21]} 43. Ke7 {[%emt 0:00:21]} Ra8 44. Rxb5 {[%emt 0:01:19]} Ra7+ {[%emt 0:02:32]} 45. Kf6 {[%emt 0:00:20]} Ra6+ {[%emt 0:00:13]} 46. Ke5 {[%emt 0:13:27]} Ra7 47. Rc5 {[%emt 0:00:12]} Kf7 {[%emt 0:10:51]} 48. Kd6 {[%emt 0:00:30]} Re7 {[%emt 0:01:20]} 49. Rc7 {[%emt 0:13:10]} Rxc7 {[%emt 0:00:05]} 50. Kxc7 {[%emt 0:00:05]} Ke7 {[%emt 0:00:26]} 51. Kc6 {[%emt 0:00:31]} Ke6 {[%emt 0:01:08]} 52. Kc5 {[%emt 0:00:00]} Kd7 {[%emt 0:01:26]} 53. Kd5 {[%emt 0:00:22]} Ke7 {[%emt 0:00:09]} 54. Ke5 {[%emt 0:00:05]} Kf7 {[%emt 0:00:27]} 55. Kd6 Kf8 {[%emt 0:02:02]} 56. Ke6 {[%emt 0:00:20]} Kg7 {[%emt 0:00:10]} 57. Ke7 {[%emt 0:10:30]} Kg8 {[%emt 0:00:30]} 58. Kf6 {[%emt 0:00:07]} Kf8 {[%emt 0:00:07]} 59. h4 {[%emt 0:01:27]} Kg8 {[%emt 0:00:10]} 60. h5 {[%emt 0:00:30]} gxh5 {[%emt 0:00:06]} 61. Kxf5 {[%emt 0:00:14]} Kf7 {[%emt 0:00:29]} 62. Ke4 {[%emt 0:00:32]} Kg6 {[%emt 0:01:39]} 63. Ke5 {[%emt 0:01:47]} h4 {[%emt 0:01:05]} 64. f5+ {[%emt 0:00:33]} Kxg5 {[%emt 0:00:21]} 65. f6 {[%emt 0:00:05]} Kg6 {[%emt 0:00:22]} 66. Ke6 {[%emt 0:00:06]} h3 {[%emt 0:00:20]} 67. f7 {[%emt 0:00:04]} h2 {[%emt 0:00:12]} 68. f8=Q {[%emt 0:00:06]} h1=Q {[%emt 0:00:19]} 69. Qf5+ {[%emt 0:01:24]} Kh6 {[%emt 0:00:16]} 1/2-1/2

[Event "CZE Extraliga 2019-20"]
[Site "Czech Republic"]
[Date "2019.11.30"]
[Round "3.8"]
[White "Vymazal, Bronislav"]
[Black "Meduna, Eduard"]
[Result "1/2-1/2"]
[WhiteElo "2347"]
[BlackElo "2377"]
[Annotator "ChessBase"]
[PlyCount "50"]
[EventDate "2019.09.15"]
[EventType "team-tourn"]
[EventCountry "CZE"]
[SourceTitle "playchess.com"]
[Source "ChessBase"]
[SourceQuality "1"]
[WhiteTeam "Brno"]
[BlackTeam "Lysa nad Labem"]
[TimeControl "40/5400+30:1800+30"]

1. g3 {[%emt 0:00:00]} Nf6 {[%emt 0:00:31]} 2. Bg2 {[%emt 0:00:00]} d5 {[%emt 0:00:42]} 3. f4 {[%emt 0:00:00]} g6 {[%emt 0:01:28]} 4. Nf3 {[%emt 0:00:00]} Bg7 {[%emt 0:00:12]} 5. O-O {[%emt 0:00:01]} c5 {[%emt 0:00:48]} 6. d3 {[%emt 0:00:07]} Nc6 {[%emt 0:00:40]} 7. Qe1 {[%emt 0:10:37]} d4 {[%emt 0:03:25]} 8. Na3 {[%emt 0:04:09]} Nd5 {[%emt 0:05:50]} 9. Nc4 {[%emt 0:12:29]} O-O {[%emt 0:00:26]} 10. e4 {[%emt 0:15:49]} dxe3 {[%emt 0:01:17]} 11. c3 {[%emt 0:00:22]} b6 {[%emt 0:09:34]} 12. Bxe3 {[%emt 0:02:08]} Bb7 {[%emt 0:02:47]} 13. Rd1 {[%emt 0:00:29]} Nxe3 {[%emt 0:01:12]} 14. Qxe3 {[%emt 0:00:08]} Qc7 {[%emt 0:00:52]} 15. Rfe1 {[%emt 0:00:32]} Rad8 {[%emt 0:01:01]} 16. h4 {[%emt 0:02:31]} h5 {[%emt 0:06:53]} 17. Nce5 {[%emt 0:09:59]} Nxe5 {[%emt 0:04:56]} 18. Nxe5 {[%emt 0:00:33]} Bxg2 {[%emt 0:00:37]} 19. Kxg2 {[%emt 0:00:04]} e6 {[%emt 0:00:46]} 20. Rd2 {[%emt 0:13:51]} Rd5 {[%emt 0:01:26]} 21. Nf3 {[%emt 0:00:10]} Rfd8 {[%emt 0:01:17]} 22. Red1 {[%emt 0:01:15]} Bf6 {[%emt 0:04:57]} 23. Kf2 {[%emt 0:07:41]} b5 {[%emt 0:04:26]} 24. d4 {[%emt 0:07:26]} cxd4 {[%emt 0:00:30]} 25. Nxd4 {[%emt 0:01:47]} Bxd4 {[%emt 0:04:08]} 1/2-1/2

[Event "CZE Extraliga 2019-20"]
[Site "Czech Republic"]
[Date "2019.11.30"]
[Round "3.8"]
[White "Studnicka, Tomas"]
[Black "Vrbata, Zbynek"]
[Result "1-0"]
[WhiteElo "2341"]
[BlackElo "2353"]
[Annotator "NA"]
[PlyCount "81"]
[EventDate "2019.09.15"]
[EventType "team-tourn"]
[EventCountry "CZE"]
[SourceTitle "playchess.com"]
[Source "ChessBase"]
[SourceQuality "1"]
[WhiteTeam "Turnov"]
[BlackTeam "Siesta Solution Unichess"]
[TimeControl "40/5400+30:1800+30"]

1. d4 {[%emt 0:00:00]} Nf6 {[%emt 0:00:00]} 2. c4 {[%emt 0:00:00]} g6 {[%emt 0:00:16]} 3. Nc3 {[%emt 0:00:00]} Bg7 {[%emt 0:00:26]} 4. e4 {[%emt 0:00:04]} O-O {[%emt 0:00:19]} 5. Bd3 {[%emt 0:00:05]} d6 {[%emt 0:00:40]} 6. Nge2 {[%emt 0:00:02]} Nc6 {[%emt 0:06:20]} 7. h3 {[%emt 0:05:27]} Nd7 {[%emt 0:06:38]} 8. Be3 {[%emt 0:04:08]} e5 {[%emt 0:04:36]} 9. d5 {[%emt 0:01:43]} Ne7 {[%emt 0:01:35]} 10. Qd2 {[%emt 0:01:25]} f5 {[%emt 0:06:09]} 11. f3 {[%emt 0:00:29]} f4 {[%emt 0:08:25]} 12. Bf2 {[%emt 0:00:12]} g5 {[%emt 0:00:39]} 13. O-O-O {[%emt 0:12:16]} b6 {[%emt 0:03:43]} 14. h4 {[%emt 0:19:38]} g4 {[%emt 0:09:36]} 15. fxg4 {[%emt 0:01:56]} Nf6 {[%emt 0:03:43]} 16. g5 {[%emt 0:00:27]} Ng4 {[%emt 0:00:24]} 17. Ng1 {[%emt 0:00:31]} h6 {[%emt 0:04:13]} 18. Nf3 {[%emt 0:01:12]} Bd7 {[%emt 0:06:52]} 19. Rdf1 {[%emt 0:04:20]} hxg5 {[%emt 0:07:33]} 20. hxg5 {[%emt 0:05:24]} Ng6 {[%emt 0:03:54]} 21. Bg1 {[%emt 0:00:30]} Qe7 {[%emt 0:04:22]} 22. Ne2 {[%emt 0:05:16]} Rf7 {[%emt 0:02:19]} 23. Kb1 {[%emt 0:01:09]} Raf8 {[%emt 0:02:12]} 24. Nc3 {[%emt 0:00:12]} Ra8 {[%emt 0:07:15]} 25. Bc2 {[%emt 0:00:33]} Qe8 {[%emt 0:02:22]} 26. Qe1 {[%emt 0:00:47]} Qe7 {[%emt 0:01:08]} 27. Ba4 {[%emt 0:01:08]} Bc8 {[%emt 0:00:13]} 28. Bc6 {[%emt 0:13:19]} Rb8 {[%emt 0:00:10]} 29. Nb5 {[%emt 0:00:28]} a6 {[%emt 0:05:21]} 30. Na7 {[%emt 0:01:04]} Bd7 {[%emt 0:02:25]} 31. Bxd7 {[%emt 0:02:22]} Qxd7 {[%emt 0:00:02]} 32. Nc6 {[%emt 0:00:13]} Re8 {[%emt 0:00:37]} 33. Nh4 {[%emt 0:00:13]} Ne7 {[%emt 0:00:22]} 34. Nxe7+ {[%emt 0:00:12]} Qxe7 {[%emt 0:00:19]} 35. Nf3 {[%emt 0:00:49]} Qd7 {[%emt 0:01:20]} 36. Qh4 {[%emt 0:00:41]} Ne3 {[%emt 0:00:32]} 37. Bxe3 {[%emt 0:01:39]} fxe3 {[%emt 0:00:01]} 38. Qh7+ {[%emt 0:00:25]} Kf8 {[%emt 0:00:01]} 39. Nh4 {[%emt 0:00:15]} Rf2 {[%emt 0:00:23]} 40. Rxf2+ {[%emt 0:00:53]} exf2 {[%emt 0:00:02]} 41. Rf1 {[%emt 0:30:05]} 1-0

[Event "CZE Extraliga 2019-20"]
[Site "Czech Republic"]
[Date "2019.11.30"]
[Round "3.8"]
[White "Rosko, Lubos"]
[Black "Hausner, Ivan"]
[Result "1/2-1/2"]
[WhiteElo "2317"]
[BlackElo "2382"]
[Annotator "NA"]
[PlyCount "27"]
[EventDate "2019.09.15"]
[EventType "team-tourn"]
[EventCountry "CZE"]
[SourceTitle "playchess.com"]
[Source "ChessBase"]
[SourceQuality "1"]
[WhiteTeam "Pardubice"]
[BlackTeam "Praha"]
[TimeControl "40/5400+30:1800+30"]

1. d4 {[%emt 0:00:00]} Nf6 {[%emt 0:00:00]} 2. Nf3 {[%emt 0:00:16]} g6 {[%emt 0:00:00]} 3. g3 {[%emt 0:01:05]} Bg7 {[%emt 0:00:00]} 4. Bg2 {[%emt 0:00:12]} O-O {[%emt 0:00:07]} 5. O-O {[%emt 0:00:07]} d6 {[%emt 0:00:03]} 6. b3 {[%emt 0:05:26]} Nbd7 {[%emt 0:00:31]} 7. Bb2 {[%emt 0:00:17]} e5 {[%emt 0:00:43]} 8. dxe5 {[%emt 0:03:26]} Ng4 {[%emt 0:00:11]} 9. c4 {[%emt 0:01:12]} dxe5 {[%emt 0:01:19]} 10. h3 {[%emt 0:18:35]} Nh6 {[%emt 0:00:05]} 11. e4 {[%emt 0:06:13]} f6 {[%emt 0:01:27]} 12. Nc3 {[%emt 0:08:56]} c6 {[%emt 0:02:05]} 13. Ba3 {[%emt 0:04:01]} Re8 {[%emt 0:00:08]} 14. Qd2 {[%emt 0:01:21]} 1/2-1/2

[Event "CZE Extraliga 2019-20"]
[Site "Czech Republic"]
[Date "2019.11.30"]
[Round "3.8"]
[White "Caletka, Radomir"]
[Black "Hollan, Petr"]
[Result "1/2-1/2"]
[WhiteElo "2305"]
[BlackElo "2301"]
[Annotator "TA"]
[PlyCount "101"]
[EventDate "2019.09.15"]
[EventType "team-tourn"]
[EventCountry "CZE"]
[SourceTitle "playchess.com"]
[Source "ChessBase"]
[SourceQuality "1"]
[WhiteTeam "Poruba"]
[BlackTeam "Kromeriz"]

{[%evp 11,101,12,24,-6,-10,-41,-41,-44,-38,-47,-28,-46,-24,-28,-20,-44,-37,-37,-37,-37,-33,-41,14,-40,-32,-30,-7,-58,-21,-18,0,-9,0,-13,11,0,14,-1,63,-84,16,4,61,67,54,0,49,32,66,34,37,41,31,32,83,69,155,141,148,143,142,106,94,0,142,9,48,24,32,35,68,33,35,44,108,23,65,89,127,102,186,112,118,119,119,119,119,0,0,0,119,0]} 1. c4 Nf6 2. g3 g6 3. b3 Bg7 4. Bb2 O-O 5. Bg2 c6 6. Nf3 d6 7. O-O {A15: English Opening: 1...Nf6} e5 8. d4 (8. d3 Re8 9. e4 Nbd7 10. Nc3 a5 11. Qc2 Nc5 12. h3 Ne6 13. Rad1 Nh5 14. Ne2 c5 15. Nc3 Bd7 16. Nd5 b5 17. cxb5 Bxb5 {1-0 (42) Caruana,F (2791)-Giri,A (2752) Flor & Fjaere 2014}) 8... e4 9. Ne1 {Black is slightly better.} d5 10. Nc2 Be6 11. Ne3 Ng4 $146 ({Predecessor:} 11... Bh6 12. Bc1 Bxe3 13. Bxe3 dxc4 14. Bg5 cxb3 15. axb3 {1-0 (41) Gauche,C (2279)-Dropa,R (1970) Maringa 2011}) 12. Nxg4 Bxg4 13. cxd5 cxd5 14. h3 Be6 15. e3 h5 16. Nc3 h4 (16... Nc6 $15) 17. Ne2 (17. f3 $1 $11) 17... hxg3 $15 18. fxg3 Qg5 19. Qd2 (19. Kh2 $11) 19... Nc6 (19... Bh6 $5 {[%cal Rg5e3]} 20. Bc1 a5 $11) 20. Ba3 Rfd8 21. Kh2 (21. h4 $5 {[%cal Rh4g5]} Qg4 22. Rac1 $11) 21... Rd7 22. Nf4 Re8 23. Rac1 f5 24. Rc2 Bf7 (24... Qf6 $11) 25. Rfc1 (25. h4 $14 {stays ahead.} Qd8 26. Bh3) 25... Qf6 (25... Qh6 $1 $17) 26. h4 $1 $11 g5 (26... Bh6 $11) 27. hxg5 $14 Qxg5 28. Bf1 (28. Rf1 $14) 28... Kh7 29. Bb5 Rh8 $1 30. Bxc6 Kg8+ 31. Kg2 Qh6 $1 {[%cal Rh6h2] ( -> ...Qh2+)} 32. Rg1 (32. Bxd7 {gets mated.} Qh2+ 33. Kf1 Qh1+ 34. Kf2 Rh2+ 35. Ng2 Rxg2#) 32... bxc6 (32... Qh2+ $14 33. Kf1 Qxd2 34. Rxd2 bxc6) 33. Qc1 Bh5 (33... Be8 $14) 34. Rxc6 $16 Bf3+ 35. Kf1 Qh2 36. Rc2 Qh6 37. Rc6 Qh2 38. Qc2 ({Better is} 38. Rc8+ $1 $16 Kh7 39. Rxh8+ Bxh8 40. Qc6 $1 {[%mdl 576] Double Attack}) 38... Kf7 39. Rc7 Qxc2 40. Rxc2 a5 41. Bc5 Bh6 42. Bb6 $36 {[%mdl 2048] White has good play.} a4 ({Black should try} 42... Bxf4 $14 43. gxf4 Bd1) 43. b4 (43. bxa4 $16 Bd1 44. Rb2) 43... Bg5 44. Ke1 Rh6 45. Bc5 Ke8 {[#]} (45... Rd8 $16) 46. Rf2 (46. Kd2 $1 $18) 46... Rdh7 47. b5 ({Much worse is} 47. Nxd5 $6 Rh2 $11) 47... Rh1 48. Rxh1 Rxh1+ 49. Rf1 Rh2 {...Bxf4 is the strong threat.} 50. Rf2 Rh1+ 51. Rf1 {Accuracy: White = 36%, Black = 28%.} (51. Kd2 $16) 1/2-1/2

[Event "CZE Extraliga 2019-20"]
[Site "Czech Republic"]
[Date "2019.11.30"]
[Round "3.8"]
[White "Krajina, Ales"]
[Black "Rabatin, Jakub"]
[Result "1-0"]
[WhiteElo "2141"]
[BlackElo "2303"]
[Annotator "NA"]
[PlyCount "99"]
[EventDate "2019.09.15"]
[EventType "team-tourn"]
[EventCountry "CZE"]
[SourceTitle "playchess.com"]
[Source "ChessBase"]
[SourceQuality "1"]
[WhiteTeam "Ostrava"]
[BlackTeam "Frydek-Mistek"]
[TimeControl "40/5400+30:1800+30"]

1. d4 {[%emt 0:00:00]} Nf6 {[%emt 0:00:00]} 2. Nf3 {[%emt 0:00:05]} e6 {[%emt 0:00:00]} 3. Bg5 {[%emt 0:00:59]} h6 {[%emt 0:00:00]} 4. Bxf6 {[%emt 0:00:13]} Qxf6 {[%emt 0:00:02]} 5. e4 {[%emt 0:00:14]} d6 {[%emt 0:00:47]} 6. Nc3 {[%emt 0:01:35]} Nd7 {[%emt 0:00:08]} 7. Qe2 {[%emt 0:02:11]} Qd8 {[%emt 0:02:57]} 8. Rd1 {[%emt 0:02:59]} a6 {[%emt 0:10:17]} 9. g3 {[%emt 0:10:12]} Be7 {[%emt 0:07:04]} 10. Bg2 {[%emt 0:01:03]} O-O {[%emt 0:00:51]} 11. O-O {[%emt 0:00:34]} b5 $11 {[%emt 0:01:47]} 12. e5 {[%emt 0:07:51]} d5 {[%emt 0:03:58]} 13. Qe3 {[%emt 0:13:24]} c5 {[%emt 0:14:36]} 14. Ne2 {[%emt 0:04:15]} cxd4 {[%emt 0:12:42]} 15. Nfxd4 {[%emt 0:03:28]} Qc7 {[%emt 0:06:03]} 16. f4 {[%emt 0:02:45]} Bb7 {[%emt 0:04:05]} 17. c3 {[%emt 0:06:31]} Rad8 {[%emt 0:01:56]} 18. a3 {[%emt 0:05:36]} Nb6 {[%emt 0:04:55]} 19. Nf3 {[%emt 0:00:07]} Nc4 {[%emt 0:05:49]} 20. Qc1 {[%emt 0:00:52]} Qb6+ {[%emt 0:09:21]} 21. Ned4 a5 22. Kh1 {[%emt 0:02:36]} Rfe8 {[%emt 0:04:11]} 23. Rde1 {[%emt 0:01:40]} Bf8 {[%emt 0:01:11]} 24. f5 exf5 {[%emt 0:00:18]} 25. Nxf5 {[%emt 0:01:54]} b4 {[%emt 0:00:58]} 26. axb4 {[%emt 0:00:18]} axb4 {[%emt 0:00:02]} 27. N5d4 {[%emt 0:00:33]} Bc8 {[%emt 0:06:17]} 28. Rf2 {[%emt 0:02:40]} Qc7 {[%emt 0:01:49]} 29. Rfe2 {[%emt 0:06:25]} bxc3 {[%emt 0:00:22]} 30. bxc3 {[%emt 0:03:56]} Ba3 {[%emt 0:01:49]} 31. Qa1 {[%emt 0:04:37]} Bc5 {[%emt 0:00:37]} 32. Qc1 {[%emt 0:05:27]} Ba3 {[%emt 0:00:31]} 33. Qf4 {[%emt 0:00:21]} Be6 {[%emt 0:00:30]} 34. Nxe6 {[%emt 0:00:45]} fxe6 {[%emt 0:00:32]} 35. Nd4 {[%emt 0:00:14]} Bc5 {[%emt 0:00:32]} 36. Qg4 {[%emt 0:01:15]} Qd7 {[%emt 0:00:30]} 37. Bh3 {[%emt 0:00:54]} Bxd4 {[%emt 0:00:15]} 38. cxd4 {[%emt 0:00:04]} Na5 {[%emt 0:00:42]} 39. Rf2 {[%emt 0:00:28]} Kh7 {[%emt 0:00:32]} 40. Ref1 {[%emt 0:00:12]} Re7 {[%emt 0:00:29]} 41. Rf3 Rb8 {[%emt 0:04:34]} 42. R1f2 {[%emt 0:03:32]} Rb3 {[%emt 0:12:44]} 43. Rf8 {[%emt 0:21:42]} Qc7 {[%emt 0:04:38]} 44. Bf1 {[%emt 0:06:33]} Qc1 {[%emt 0:09:10]} 45. R2f7 {[%emt 0:01:36]} Rxf7 {[%emt 0:00:45]} 46. Rxf7 {[%emt 0:00:46]} Qg5 {[%emt 0:00:30]} 47. Qxe6 {[%emt 0:00:30]} h5 48. Qxd5 {[%emt 0:02:23]} Qd2 {[%emt 0:01:40]} 49. Rf5 {[%emt 0:02:09]} Rb1 {[%emt 0:00:33]} 50. Qe4 {[%emt 0:01:20]} 1-0

[Event "CZE Extraliga 2019-20"]
[Site "Czech Republic"]
[Date "2019.12.02"]
[Round "3.8"]
[White "Barak, David"]
[Black "Kriebel, Tadeas"]
[Result "1/2-1/2"]
[WhiteElo "2070"]
[BlackElo "2516"]
[Annotator "ChessBase"]
[PlyCount "71"]
[EventDate "2019.09.15"]
[EventType "team-tourn"]
[EventCountry "CZE"]
[SourceTitle "playchess.com"]
[Source "ChessBase"]
[SourceQuality "1"]
[WhiteTeam "Duras"]
[BlackTeam "Novoborsky"]
[WhiteTeamCountry "CZE"]
[BlackTeamCountry "CZE"]
[TimeControl "40/5400+30:1800+30"]

1. d4 {[%emt 0:00:00]} d5 {[%emt 0:00:00]} 2. c4 {[%emt 0:00:00]} e6 {[%emt 0:00:00]} 3. Nc3 {[%emt 0:00:00]} a6 {[%emt 0:00:26]} 4. cxd5 {[%emt 0:00:00]} exd5 {[%emt 0:00:00]} 5. Nf3 {[%emt 0:00:06]} Nf6 {[%emt 0:00:00]} 6. Bg5 {[%emt 0:00:44]} Be6 {[%emt 0:00:16]} 7. e3 {[%emt 0:00:13]} Nbd7 {[%emt 0:00:19]} 8. Bd3 {[%emt 0:00:21]} Bd6 {[%emt 0:00:32]} 9. O-O {[%emt 0:01:11]} c6 {[%emt 0:00:15]} 10. Bf4 {[%emt 0:12:52]} Qc7 {[%emt 0:00:08]} 11. Bxd6 {[%emt 0:00:56]} Qxd6 {[%emt 0:00:05]} 12. Qc2 {[%emt 0:00:37]} O-O {[%emt 0:00:55]} 13. Rac1 {[%emt 0:03:28]} Rfe8 {[%emt 0:03:52]} 14. h3 {[%emt 0:10:28]} g6 {[%emt 0:03:50]} 15. Na4 {[%emt 0:07:47]} Rab8 {[%emt 0:06:23]} 16. Nc5 {[%emt 0:05:07]} Nh5 {[%emt 0:02:29]} 17. b4 {[%emt 0:06:11]} Ng7 {[%emt 0:04:02]} 18. a4 {[%emt 0:02:50]} Bf5 {[%emt 0:02:18]} 19. Nxd7 {[%emt 0:05:52]} Qxd7 {[%emt 0:01:02]} 20. Ne5 {[%emt 0:01:09]} Qe6 {[%emt 0:04:17]} 21. b5 {[%emt 0:13:53]} f6 {[%emt 0:03:35]} 22. Bxf5 {[%emt 0:03:26]} Nxf5 {[%emt 0:00:10]} 23. Nd3 {[%emt 0:00:12]} axb5 {[%emt 0:03:21]} 24. axb5 {[%emt 0:00:14]} Ne7 {[%emt 0:00:24]} 25. bxc6 {[%emt 0:05:23]} bxc6 {[%emt 0:00:08]} 26. Nf4 {[%emt 0:03:33]} Qd6 {[%emt 0:00:16]} 27. Qc5 {[%emt 0:02:32]} Qxc5 {[%emt 0:00:31]} 28. Rxc5 {[%emt 0:00:03]} Kf7 {[%emt 0:00:21]} 29. Ra1 {[%emt 0:02:42]} Ra8 {[%emt 0:00:38]} 30. Rca5 {[%emt 0:02:05]} Rxa5 {[%emt 0:00:07]} 31. Rxa5 {[%emt 0:00:01]} Rb8 {[%emt 0:00:34]} 32. Ra7 {[%emt 0:01:42]} Rb1+ {[%emt 0:09:14]} 33. Kh2 {[%emt 0:00:00]} Rb2 {[%emt 0:00:36]} 34. Kg1 {[%emt 0:02:30]} Rb1+ {[%emt 0:01:10]} 35. Kh2 {[%emt 0:00:04]} Rb2 {[%emt 0:00:04]} 36. Kg1 {[%emt 0:00:20]} 1/2-1/2